000 00656nam a2200169Ia 4500
008 090201s9999 xx 000 0 und d
010 _aKPL-62533
040 _bमराठी
041 _aमराठी
082 _a23904
_b62533
100 _aमधुसुदन घाणेकर
245 _aमुळाक्षरे आणि तुमचा स्वभाव
_cमधुसुदन घाणेकर
260 _c2004
_bइंद्रायणी साहित्य प्रकाशन
300 _a84
_bमोठा
600 _aमुळाक्षरे आणि तुमचा स्वभाव
942 _cBOOK
999 _c223319
_d223319